| 000 | 00950cab a2200253 4500 | ||
|---|---|---|---|
| 001 | WB2630-21 | ||
| 008 | 090401t1990 xxu||||| |||| 00| 0 eng d | ||
| 035 | _a(Sirsi) u29118 | ||
| 041 | _aeng | ||
| 245 | _aRights of way apply to rivers | ||
| 260 | _c1990 | ||
| 350 | _a0 | ||
| 490 |
_aTimes _v1/8/90 p2 |
||
| 490 |
_aCLA Press Release _v1/8/90 (2) |
||
| 520 | _aAs part of the decision in a case concerning public access to the river Derwent, the Court of Appeal found that the Rights of Way Act 1932 applies to rivers as well as footpaths, even if the banks are in private ownership, and can be used for boating if there can be proved a twenty year period of unchallenged navigation. | ||
| 650 | _aPUBLIC NAVIGATION RIGHTS | ||
| 650 | _aRIGHTS OF WAY ACT 1932 S1 | ||
| 650 | _aRIGHTS OF WAY | ||
| 650 | _aRIPARIAN RIGHTS | ||
| 650 | _aRIVERS | ||
| 690 | _aHIGHWAYS RIGHTS OF WAY AND EASEMENTS | ||
| 942 | _n0 | ||
| 948 | _c04/03/1997 | ||
| 999 |
_c19602 _d19602 |
||